| 000 | 01873nam a2200421 4500 | ||
|---|---|---|---|
| 001 | 0000024398 | ||
| 003 | CO-CtgCURN | ||
| 005 | 20250331185139.0 | ||
| 007 | ta | ||
| 008 | 160628s1997 000 0 eng d | ||
| 020 | _a9589181384 | ||
| 040 |
_aCO-CtgCURN _bspa _ccoctgcurn |
||
| 082 | 0 |
_a610 _bP696 |
|
| 245 | 0 | 0 |
_aPlata Rueda : _bHacia una medicina mas humana / _cselección y coordinacion Francisco J. Leal Quevedo, Juan Mendoza-Vega y Ernesto Plata Rueda. |
| 260 |
_aBogotá : _bMedica Panamericana, _c1997. |
||
| 300 | _a302 p. | ||
| 336 | _2rdacontent | ||
| 337 |
_2rdamedia _asin mediacion _bn |
||
| 338 |
_2rdacarrier _avolumen _bnc |
||
| 504 | _aBibliografia al final de cada capitulo. | ||
| 505 | 8 | _aHumanizar la medicina es adecuarla al hombre.--Deshumanizacion de la medicina.--La planificacion familiar como determinante de salud indvidual y comunitaria.--Infertiidad ¿Una epidemia que se puede prevenir?.--Ante la mujer embarazada.--El parto natural.--La problematica especial de etica obstetrica.--Aspectos humanos en la practica de la genetica medica.--Necesidad de una pediatria mas humana.--Hacia una entrevista pediatrica mas humana.--El niño hospitalizado | |
| 650 | 1 | 4 | _aPediatria. |
| 650 | 1 | 4 | _aÉtica medica. |
| 650 | 1 | 4 | _aMedicina social. |
| 650 | 1 | 4 | _aEutanasia. |
| 650 | 1 | 4 | _aAtencion primaria de la salud. |
| 650 | 1 | 4 | _aMedico y paciente. |
| 700 | 1 | _aLeal Quevedo, Francisco J. | |
| 700 | 1 | _aMendoza Vega, Juan. | |
| 908 | _a160627 | ||
| 942 |
_cBK _h610 _iP696 _2ddc |
||
| 999 |
_c21287 _d21287 |
||